[Event "Wch U18"]
[Site "Khanty-Mansiysk"]
[Date "2016.09.25"]
[Round "4"]
[White "Shih, Yu An"]
[Black "Yoshida, Haruki"]
[Result "1/2-1/2"]
[WhiteElo "1493"]
[BlackElo "1750"]
[PlyCount "88"]
[EventDate "2016.09.22"]
[EventType "swiss"]
[EventRounds "11"]
[EventCountry "RUS"]
[SourceTitle "EXT 2017"]
[Source "ChessBase"]
[SourceDate "2016.10.25"]
[SourceVersion "1"]
[SourceVersionDate "2016.10.25"]
[SourceQuality "1"]

1. e4 e6 2. Qe2 b6 3. Nc3 Bb7 4. d3 Bb4 5. Bd2 Nc6 6. Nf3 Nge7 7. a3 Bc5 8. g3 Ng6 9. Bg2 0-0 10. 0-0 Nd4 11. Nxd4 Bxd4 12. Nd1 f5 13. c3 Bc5 14. d4 Be7 15. f4 a5 16. Re1 Nh8 17. exf5 Bxg2 18. Kxg2 Rxf5 19. Ne3 Rf7 20. Ng4 Ng6 21. Rf1 Qb8 22. Ne5 Nxe5 23. fxe5 Qb7+ 24. Kg1 Raf8 25. Qg2 Qa6 26. Rxf7 Rxf7 27. Rf1 Rxf1+ 28. Qxf1 Qxf1+ 29. Kxf1 a4 30. Ke2 Kf7 31. Kd3 Ke8 32. Be3 b5 33. c4 c6 34. c5 Kf7 35. Ke4 Bd8 36. Bd2 h5 37. h3 Kg6 38. Kf3 Bg5 39. Bxg5 Kxg5 40. Ke4 g6 41. Ke3 Kf5 42. Kf3 Kg5 43. Ke3 Kh6 44. Kf4 g5+ 1/2-1/2

[Event "Wch U18"]
[Site "Khanty-Mansiysk"]
[Date "2016.09.23"]
[Round "2"]
[White "Patrascu, Catalin Lucian"]
[Black "Yoshida, Haruki"]
[Result "1-0"]
[WhiteElo "2263"]
[BlackElo "1750"]
[PlyCount "65"]
[EventDate "2016.09.22"]
[EventType "swiss"]
[EventRounds "11"]
[EventCountry "RUS"]
[SourceTitle "EXT 2017"]
[Source "ChessBase"]
[SourceDate "2016.10.25"]
[SourceVersion "1"]
[SourceVersionDate "2016.10.25"]
[SourceQuality "1"]

1. c4 Nf6 2. Nf3 e6 3. Nc3 Bb4 4. Qc2 b6 5. e3 Bb7 6. Be2 0-0 7. 0-0 d5 8. a3 Bxc3 9. Qxc3 c5 10. b3 Nbd7 11. Bb2 Qc7 12. Rac1 a5 13. d3 Rfe8 14. Nd2 e5 15. cxd5 Nxd5 16. Qc2 Re6 17. Bf3 Rh6 18. h3 Qd8 19. Rfe1 Qe7 20. d4 Re8 21. Qd1 Re6 22. dxe5 Nxe5 23. Bxe5 Rxe5 24. Nc4 Rg5 25. h4 Rf5 26. e4 Rxf3 27. exd5 Qxe1+ 28. Qxe1 Rxe1+ 29. Rxe1 g6 30. Re8+ Kg7 31. gxf3 Bxd5 32. Rb8 Bxf3 33. Rxb6 1-0